Sociálna politika zamestnávateľa

Povinnosť zamestnávateľa vytvárať vhodné pracovné podmienky. Zabezpečenie vhodného stravovania. Vzdelávanie zamestnancov. Starostlivosť o osobitné kategórie zamestnancov. Mladiství zamestnanci.

Saved in:
Bibliographic Details
Main Author: Kováčiková, Eva
Format: Book Chapter
Language:Slovak
Subjects:
Tags: Add Tag
No Tags, Be the first to tag this record!

MARC

LEADER 00000naa a2200000 4500
001 0147540
005 20231120123323.1
041 0 |a slo 
044 |a SK 
245 1 0 |a Sociálna politika zamestnávateľa  |c Eva Kováčiková 
520 |a Povinnosť zamestnávateľa vytvárať vhodné pracovné podmienky. Zabezpečenie vhodného stravovania. Vzdelávanie zamestnancov. Starostlivosť o osobitné kategórie zamestnancov. Mladiství zamestnanci. 
610 2 0 |a politika sociálna podniková 
610 2 0 |a zamestnávatelia 
610 2 0 |a povinnosti zamestnávateľov 
610 2 0 |a stravovanie zamestnancov 
610 2 0 |a vzdelávanie 
610 2 0 |a zamestnanci 
610 2 0 |a kategórie pracovníkov 
610 2 0 |a mladiství 
100 1 |a Kováčiková, Eva